01265nam a22003497a 4500003000500000005001700005008004100022010001000063011001000073035001000083040000900093082001500102100002900117245006900146260002500215300002000240500001000260590004100270590004100311590004100352590004100393590004200434650005100476650003600527710004600563710005100609901000700660942001000667949007500677999001700752952014600769CHAP20220329141512.0971013s1986 r 00010 d a69176 a70148 a79628 cCHAP a595.13bG500aGibbons, Lynda M.947857 aSEM guide to the morphology of nematode parasites of vertebrates aSlough :bCAB,c1986 a199 p.b: ilus. a33-78 aBATCH-UPDb10c20130110lUCH01h0505 aBATCH-UPDb10c20130110lUCH01h2255 aBATCH-UPDb10c20130410lUCH01h0143 aBATCH-UPDb10c20130914lUCH01h1019 aCONVERSIONb10c20130109lUCH01h133814aNemátodos parásitos de vertebrados.98084014aNemátodos parásitos.9808260 aCommonwealth Agricultural Bureaux.9259600 aCommonwealth Institute of Parasitology.926022 aBK cLIBRO a595.13 G5bBCcCd33724000496832eCgI.147157h76029i79628sit572.34 c69176d69176 00102ddc4051708CaBCbBCcPA_CONSULTAd2019-12-31eI.147157fLIBROl0o595.13 G5p33724000496832r2019-12-31 00:00:00w2019-12-31yLIBRO